सत्य का साक्षात्कार : मेरी आध्यात्मिक यात्रा / (Record no. 208664)

MARC details
000 -LEADER
fixed length control field 00843nam a22001937a 4500
005 - DATE AND TIME OF LATEST TRANSACTION
control field 20250121174259.0
010 ## - LCCN (DPL NO)
LC control number HIN-129311
020 ## - INTERNATIONAL STANDARD BOOK NUMBER
International Standard Book Number 9788190395830
Terms of availability 500.00
035 ## - SYSTEM CONTROL NUMBER
System control number HN-101657
037 ## - SOURCE OF ACQUISITION
Source of stock number/acquisition DBAD
082 ## - DEWEY DECIMAL CLASSIFICATION NUMBER
Classification number 823.083
100 ## - MAIN ENTRY--PERSONAL NAME
Personal name भारद्वाज, हरि
245 ## - TITLE STATEMENT
Title सत्य का साक्षात्कार : मेरी आध्यात्मिक यात्रा /
Statement of responsibility, etc हरि भारद्वाज
250 ## - EDITION STATEMENT
Edition statement प्रथम
260 ## - PUBLICATION, DISTRIBUTION, ETC. (IMPRINT)
Place of publication, distribution, etc दिल्ली
Name of publisher, distributor, etc रवि प्रकाशन
Date of publication, distribution, etc 2022
270 ## - ADDRESS
Address बी-1/37 रमेश एन्क्लेव, सेक्टर-21, रोहिणी
City दिल्ली
Postal code 110086
300 ## - PHYSICAL DESCRIPTION
Extent 225पृ.
Dimensions 22 सेमी (सजिल्द)
942 ## - ADDED ENTRY ELEMENTS (KOHA)
Source of classification or shelving scheme Dewey Decimal Classification
Item type Hindi Books
Classification part 823.083
Call number suffix भारद्वा
Holdings
Withdrawn status Lost status Not for loan Collection code Home library Current library Date acquired Source of acquisition Cost, normal purchase price Full call number Barcode Copy number Cost, replacement price Koha item type
      Non-fiction Ashok Vihar Ashok Vihar 21/01/2025 DBAD 500.00 823.083 भारद्वा HN-101657 1 500.00 Hindi Books

© Delhi Public Library
Hit Counter
free hit counter